Singers with the Most #1 Hits in the 2000's - Statistics

General Stats
  • This quiz has been taken 186 times
  • The average score is 7 of 20
Answer Stats
#1's Artist % Correct
5 Beyonce
85%
5 Rihanna
70%
3 Jay Z
50%
4 Justin Timberlake
50%
4 Mariah Carey
45%
7 Usher
45%
3 T.I.
40%
4 50 Cent
39%
3 Christina Aguilera
36%
4 Nelly
34%
3 Jennifer Lopez
33%
3 Alicia Keys
25%
3 Nelly Furtado
24%
4 Destiny's Child
22%
3 Fergie
20%
3 Timbaland
19%
4 Ludacris
16%
3 Sean Paul
13%
3 Outkast
12%
4 T-Pain
11%
No matching quizzes found
Score Distribution
Percent of People with Each Score
Percentile by Number Answered
Your Score History
You have not taken this quiz